00512nam a2200145Ia 4500008004100000020001800041082001700059100003300076245006800109260002700177300001100204650004300215952009100258999001700349120622s9999 xx 000 0 und d a970-10-0440-X a381.13 G643e aGonzález Calvillo, Enrique aLa experiencia de las franquicias / Enrique González Calvillo aMéxico : McGraw-Hill a176 p. a1. FRANQUICIAS (COMERCIO MINORISTA)Ì 00104070a01b01d2007-01-25l0o381.13 G643Ep01 004756r2012-06-24w2012-06-24yLB c55681d55681